000 00390cam a2200157ua 4500
041 _aeng
_h
082 _a828.09
_bHAL/CU
100 _aHalliday, F E .
245 _aCult of Shakespeare /
_cF E Halliday.
_hTextual Documents
250 _a1 /
_b.
260 _aLondon :
_bGerald Duck worth and co. ltd ,
_c1957.
300 _a218 ; .
504 _a
942 _cBK
999 _c4059
_d4059